000 01130nmm a2200337 a 4500
003 AR-BaBNM
005 20251128202856.0
008 147019s1945 ||||||||||||||000 | spa||
040 _cAR-BaBNM
100 1 _aBraun Menéndez, Armando
245 1 0 _aPequeña historia fueguina
260 _aBuenos Aires
_bEmecé
_c1945
300 _a335 p.
_bil., láms., mapas
500 _aLa cartografía está incompleta.
500 _aContiene anexos, notas y documentos
504 _aContiene bibliografía para consultar p. 319-328
505 0 _tIntroducción a la Tierra del Fuego
505 0 _tActividad de los misioneros en la Tierra del Fuego
505 0 _tLa quimera del oro [del vellocino al vellón]
505 0 _tJulio Popper, el dictador fueguino
505 0 _tEl astillero en la tempestad
505 0 _tLa División Expedicionaria al Atlántico Sur 1884
650 4 _aHISTORIA FUEGUINA
650 4 _aHISTORIA PROVINCIAL ARGENTINA
650 4 _aHISTORIA DE LAS RELIGIONES
650 4 _aIGLESIAS PROTESTANTES
650 4 _aHISTORIA SOCIAL
650 4 _aHISTORIA POLITICA
942 _cBK
998 _cmariana
999 _c991
_d991